Low-Power CMOS Design / (Record no. 181515)
[ view plain ]
| 000 -LEADER | |
|---|---|
| fixed length control field | 01207 a2200253 4500 |
| 003 - CONTROL NUMBER IDENTIFIER | |
| control field | Nust |
| 005 - DATE AND TIME OF LATEST TRANSACTION | |
| control field | 20221121094259.0 |
| 010 ## - LIBRARY OF CONGRESS CONTROL NUMBER | |
| LC control number | 97038651 |
| 020 ## - INTERNATIONAL STANDARD BOOK NUMBER | |
| International Standard Book Number | 818630875X |
| 040 ## - CATALOGING SOURCE | |
| Transcribing agency | Nust |
| 082 00 - DEWEY DECIMAL CLASSIFICATION NUMBER | |
| Classification number | 621.381,LOW |
| 245 00 - TITLE STATEMENT | |
| Title | Low-Power CMOS Design / |
| Statement of responsibility, etc. | edited by Anantha Chandrakasan, Robert Brodersen. |
| 260 ## - PUBLICATION, DISTRIBUTION, ETC. | |
| Place of publication, distribution, etc. | New York : |
| Name of publisher, distributor, etc. | IEEE Press, |
| Date of publication, distribution, etc. | c1998. |
| 300 ## - PHYSICAL DESCRIPTION | |
| Extent | xii, 629 p. : |
| Other physical details | ill. ; |
| Dimensions | 29 cm. |
| 505 ## - FORMATTED CONTENTS NOTE | |
| Formatted contents note | Overview (Page-3), Low Voltage Technology and Circuits (Page-59), Efficient DC –DC Conversion and Adaptive Power Supply Systems (Page-127), Circuits and Logic Styles (Page-189), Driving Interconnect (Page-273), Memory Circuits (Page-311), Portable Terminal Electronic (Page-367), Computer Aided Design Tools (Page-457). |
| 650 #0 - SUBJECT ADDED ENTRY--TOPICAL TERM | |
| Topical term or geographic name entry element | Digital integrated circuits |
| General subdivision | Computer-aided design. |
| 9 (RLIN) | 103226 |
| 650 #0 - SUBJECT ADDED ENTRY--TOPICAL TERM | |
| Topical term or geographic name entry element | Telecom engineering |
| 9 (RLIN) | 103227 |
| 650 #0 - SUBJECT ADDED ENTRY--TOPICAL TERM | |
| Topical term or geographic name entry element | Telecom engineering |
| 9 (RLIN) | 103227 |
| 700 1# - ADDED ENTRY--PERSONAL NAME | |
| Personal name | Brodersen, Robert W., |
| Dates associated with a name | 1945- |
| 9 (RLIN) | 103228 |
| 700 1# - ADDED ENTRY--PERSONAL NAME | |
| Personal name | Chandrakasan, Anantha P. |
| 9 (RLIN) | 103229 |
| 856 42 - ELECTRONIC LOCATION AND ACCESS | |
| Materials specified | Publisher description |
| Uniform Resource Identifier | <a href="http://www.loc.gov/catdir/description/wiley036/97038651.html">http://www.loc.gov/catdir/description/wiley036/97038651.html</a> |
| 856 42 - ELECTRONIC LOCATION AND ACCESS | |
| Materials specified | Table of Contents |
| Uniform Resource Identifier | <a href="http://www.loc.gov/catdir/toc/onix07/97038651.html">http://www.loc.gov/catdir/toc/onix07/97038651.html</a> |
| 942 ## - ADDED ENTRY ELEMENTS (KOHA) | |
| Source of classification or shelving scheme | |
| Koha item type | Book |
| Withdrawn status | Lost status | Source of classification or shelving scheme | Damaged status | Not for loan | Permanent Location | Current Location | Shelving location | Date acquired | Full call number | Barcode | Date last seen | Price effective from | Koha item type | Public note |
|---|---|---|---|---|---|---|---|---|---|---|---|---|---|---|
| Military College of Signals (MCS) | Military College of Signals (MCS) | General Stacks | 12/12/2016 | 621.381,LOW | MCS31854 | 12/08/2016 | 12/12/2016 | Book | Almirah No.31, Shelf No.3 |
